000 00489nam a2200205Ia 4500
003 GCL
008 140319s9999 xx 000 0 eng d
040 _aGCL /
_cGCL
082 0 4 _a677.02824
_bB F
100 1 _aBROWN, VICTORIA
245 1 0 _aFELT WORK /
_cBROWN, VICTORIA
260 _a[S.N] :
_bLORENZ BOOKS ،
_c1996
300 _a96 P
650 0 4 _aHANDCRAFT
650 0 4 _aFELT CRAFTS
650 0 4 _aARTS
650 0 4 _aFELT WEAVING
650 0 4 _aFELT KNITTING
942 _2ddc
_cBK
999 _c14690
_d14690